00373 2200157 4500001002100000005001500021035002000036245005300056100001800109300001200127260003000139082000800169084001400177990001200191990001200203INLIS00000000000229420250528083533 a0010-05250005861 aEkonomi Untuk Kelas Xll SMA /cDrs MT Ritong M M0 aMT Ritong M M a217 hlm bPhibela Aneka Gama,c2007 a330 a330 MT e a0713352 a0713376